Runcing kesayangan

Bibliographic Details
Main Authors: Ghazali Ngah Azia, JF SC MAL (752), Perintis pealan induk Ghazali Ngah Azia
Format: Book
Published: Selangor : Penerbitan Orkid , 2006
Series:Siri nilai klasik
Subjects:

MARC

LEADER 00000cam a2200000 7i4500
001 0000000689
005 20151222.0
008 070702
020 |a 9838914436 
020 |a 9838914460(set) 
090 0 0 |a JF   |b MAL (356) 
100 0 |a Ghazali Ngah Azia 
100 0 |a JF   |b SC MAL (752) 
100 0 |a Perintis pealan induk   |c Ghazali Ngah Azia 
245 1 0 |a Runcing kesayangan   |c Ghazali Ngah Azia 
260 |a Selangor :   |b Penerbitan Orkid ,   |c 2006 
440 0 |a Siri nilai klasik 
500 |a Children ages 7-9 years old (orange) 
650 0 |a Malay language   |x Readers   |x Fiction 
999 |a 0000919145   |b Book   |c Children Collection   |e Cawangan Bukit Gambir 
999 |a 0000919146   |b Book   |c Children Collection   |e Cawangan Bukit Gambir 
999 |a 0000919147   |b Book   |c Children Collection   |e Cawangan Bukit Gambir 
999 |a 0000931347   |b Book   |c Children Collection   |e Cawangan Tangkak 
999 |a 0000931348   |b Book   |c Children Collection   |e Cawangan Tangkak 
999 |a 0000931349   |b Book   |c Children Collection   |e Cawangan Tangkak 
999 |a 0000959228   |b Book   |c Children Collection   |e Perbadanan Perpustakaan Awam Johor 
999 |a 0000959229   |b Book   |c Children Collection   |e Perbadanan Perpustakaan Awam Johor 
999 |a 0000959230   |b Book   |c Children Collection   |e Perbadanan Perpustakaan Awam Johor 
999 |a 0000971530   |b Book   |c Children Collection   |e Cawangan Taman Universiti 
999 |a 0000971532   |b Book   |c Children Collection   |e Cawangan Segamat 
999 |a 0000971534   |b Book   |c Children Collection   |e Cawangan Pontian